LEADER 00817nam a2200193 i 4500 001 000000243885 003 CaOOAMICUS 005 20150723000000.0 008 150723s1853 it u000 u fre u 013 $a222790 040 $aSeMil$bita 245 10$aTome 3. 300 $a708 p. 773 0 $aGrimes, L.$tEsprit des saints illustres, auteurs ascètiques et moralistes, non compris au nombre des Pères et Docteurs de l'Église; avec notices biografique, appréciations littéraires, remarques critiques, notes explicatives, documens scientifiques, ....$dParis : Sagnier et Bray, 1853.$g3$w()32257 850 $aSeMil 852 $aSeMil$W1$xVenegono$y1$m3F III 255 FA$j194231$B194231$CSeMilBibl$Z2$F204839 $8I 941 1 $a10 961 $aRecupero: Mantegazza 996 $6245$aTome 3$9(OLS)http://semarc/title/1575 LEADER 00664nam a2200181 i 4500 001 000000065526 003 CaOOAMICUS 005 20131106000000.0 008 131106s1956 xx u000 u lat u 013 $a36698 040 $aSeMil$bita 245 10$aVolumen 3 /$cedidit H. S. Offler. 300 $aIX, 322 p. 700 1 $aOffler, Hilary Seton <1913- >.$0(OLS)http://semarc/name/13261 773 0 $aGuillelmus : de Occam $tOpera politica.$dMancunii : Typis Universitas, [1963?]$w()29055 850 $aSeMil 852 $aSeMil$W1$xVenegono$y1$m2N I 79$j31679$B31679$CSeMilBibl$Z2$F31682 $81 996 $6245$aVolumen 3$9(OLS)http://semarc/title/104007